Visualizzazione normale
Vista MARC
- Morra Guido
di Personal Name
Records bibliografici associati: 1
001 - CONTROL NUMBER
- control field: 26545
003 - CONTROL NUMBER IDENTIFIER
- control field: IT-RoPau
005 - DATE AND TIME OF LATEST TRANSACTION
- control field: 20140523212742.0
008 - FIXED-LENGTH DATA ELEMENTS
- fixed length control field: 140523|| aca||aabn | a|a d
040 ## - CATALOGING SOURCE
- Original cataloging agency: IT-RoPau
- Transcribing agency: IT-RoPau
100 ## - HEADING--PERSONAL NAME
- Personal name: Morra Guido
- Dates associated with a name: Codice autore testo/musica SPICS: 21684
- Relator term: Autore testo/musica
- Name of part/section of a work: Bisognerebbe non pensare che a te
670 ## - SOURCE DATA FOUND
- Source citation: Work cat.: (IT-RoPau)100090: AA.VV. 794, Sanremo '90